| 000 | 00514nam a22001577a 4500 | ||
|---|---|---|---|
| 003 | OSt | ||
| 005 | 20140311130135.0 | ||
| 008 | 130531t xxu||||| |||| 00| 0 eng d | ||
| 050 |
_aKPM 479 _b.C582 1990 |
||
| 082 |
_aFIL 349.599 _bC49 1990 |
||
| 245 |
_aCivil Code of the Philippines _bRepublic Act No. 386 as Amended by the Family Code of the Philippines Executive Order No. 209 |
||
| 260 |
_aManila, Philippines _bCentral Book Supply Inc. _cc1990 |
||
| 300 | _a492 p. | ||
| 942 |
_2lcc _cBK _kFIL |
||
| 999 |
_c35488 _d35488 |
||